000 00430nam a22001817a 4500
003 OSt
005 20240226163639.0
008 210611b xxu||||| |||| 00| 0 eng d
020 _a9789352136810
040 _cSerosoft
100 _aGries Paul
245 _aAn Introduction to computer Scince Using Python 3.6
250 _aThird
260 _aNavi Mumbai
_bSPD
300 _a383
365 _b675
942 _2ddc
_c02
_eThird
999 _c50830
_d50830